|
|
|
|
| LEADER |
02026nam a2200481 4500 |
| 001 |
ocn867807970 |
| 003 |
OCoLC |
| 005 |
20180501122015.0 |
| 006 |
m o d |
| 007 |
cr mnu---uuaaa |
| 008 |
140107s2014 enka oab 001 0 eng |
| 040 |
|
|
|a AU@
|b eng
|e rda
|e pn
|c AU@
|d OCLCO
|d YDXCP
|d UKMGB
|d OPELS
|d OCLCF
|d E7B
|d OCLCQ
|d UAB
|d GrThAP
|
| 016 |
7 |
|
|a 016627804
|2 Uk
|
| 019 |
|
|
|a 874146855
|
| 020 |
|
|
|a 9780128001011
|
| 020 |
|
|
|a 0128001011
|
| 020 |
|
|
|a 9780128002940
|q (e-book)
|
| 020 |
|
|
|a 0128002948
|q (e-book)
|
| 035 |
|
|
|a (OCoLC)867807970
|z (OCoLC)874146855
|
| 050 |
|
4 |
|a RC660
|
| 082 |
0 |
4 |
|a 616.4/62
|2 23
|
| 049 |
|
|
|a TEFA
|
| 245 |
0 |
0 |
|a Glucose Homeostatis and the Pathogenesis of Diabetes Mellitus /
|c edited by Ya-Xiong Tao.
|
| 250 |
|
|
|a First edition.
|
| 260 |
|
|
|a London :
|b Academic Press,
|c ©2014.
|
| 300 |
|
|
|a 1 online resource (xvi, 486 pages) :
|b illustrations.
|
| 336 |
|
|
|a text
|b txt
|2 rdacontent
|
| 337 |
|
|
|a computer
|b c
|2 rdamedia
|
| 338 |
|
|
|a online resource
|b cr
|2 rdacarrier
|
| 490 |
1 |
|
|a Progress in molecular biology and translational science,
|x 1877-1173 ;
|v v. 121
|
| 500 |
|
|
|a Title from PDF title page (Science Direct, viewed January 7, 2014).
|
| 504 |
|
|
|a Includes bibliographical references and index.
|
| 650 |
|
0 |
|a Homeostasis.
|
| 650 |
|
0 |
|a Glucose.
|
| 650 |
|
0 |
|a Diabetes
|x Pathogenesis.
|
| 650 |
|
7 |
|a Diabetes
|x Pathogenesis.
|2 fast
|0 (OCoLC)fst00892179
|
| 650 |
|
7 |
|a Glucose.
|2 fast
|0 (OCoLC)fst00943690
|
| 650 |
|
7 |
|a Homeostasis.
|2 fast
|0 (OCoLC)fst00959606
|
| 655 |
|
4 |
|a Electronic books.
|
| 700 |
1 |
|
|a Tao, Ya-Xiong.
|
| 776 |
0 |
8 |
|i Print version:
|t Glucose homeostatis and the pathogenesis of diabetes mellitus.
|b First edition.
|d Oxford, [England] : Academic Press, ©2014
|h xvi, 486 pages
|k Progress in molecular biology and translational science ; Volume 121
|x 1877-1173
|z 9780128001011
|
| 830 |
|
0 |
|a Progress in molecular biology and translational science ;
|v v. 121.
|
| 856 |
4 |
0 |
|u https://www.sciencedirect.com/science/bookseries/18771173/121
|z Full Text via HEAL-Link
|